|
|
|
|
| LEADER |
00668nam a22001932a 4500 |
| 001 |
000049604 |
| 003 |
CZ BrMZK |
| 005 |
19951201143423.0 |
| 008 |
951201s1978 gw f ger d |
| 040 |
|
|
|a BOA001
|b cze
|
| 245 |
0 |
0 |
|a Unterrichtshilfen Deutsch Literatur, Klasse 7 /
|c autor: Wilfried Bütow, ...
|
| 250 |
|
|
|a 1.Aufl.
|
| 260 |
|
|
|a Berlin :
|b Volk und Wissen,
|c 1978
|
| 300 |
|
|
|a 155 s.
|
| 700 |
1 |
|
|a Bütow, Wilfried,
|d 1927-2007
|7 mzk2004220612
|
| 910 |
|
|
|a BOA001
|b PK-0084.131
|
| 964 |
|
|
|a Němčina mateřská - literatura - metodiky - Grundschulen
|
| 990 |
|
|
|a BK
|
| 996 |
7 |
|
|b 3119979994
|c PK-0084.131
|l MZK
|r Sklad / do 1 hodiny
|n 0
|w 000049604
|u 000010
|a 1
|e BOA001
|j MZK50
|s A
|